Top 10 countries in Africa with the highest number of Muslims - Statistics

General Stats
  • This quiz has been taken 853 times
    827 since last reset
  • The average score is 8 of 10
Answer Stats
Hint Answer % Correct
80,024,000 Egypt
98%
34,780,000 Algeria
97%
32,380,000 Morocco
94%
15,627,000 Niger
94%
75,728,000 Nigeria
92%
30,855,000 Sudan
92%
12,316,000 Mali
83%
28,721,000 Ethiopia
78%
12,333,000 Senegal
63%
13,450,000 Tanzania
55%
No matching quizzes found
Score Distribution
Percent of People with Each Score
Percentile by Number Answered
Your Score History
You have not taken this quiz since the last reset